000 00299nam a2200133Ia 4500
100 _aVarshney/R.L/ Maheshwari/K.li
650 _aEconomics
942 _cBK
654 _aEconomics
245 _aMangerial Economics
260 _bSultan Chand
_aNew Delhi
_c1985
300 _a618
546 _aENGLISH
999 _c22289
_d22289